Making India a knowledge superpower: role of change agents of higher technical education (Record no. 493239)

000 -LEADER
fixed length control field 00408cam a22001217a 4500
008 - FIXED-LENGTH DATA ELEMENTS--GENERAL INFORMATION
fixed length control field 180718b2004 xxu||||| |||| 00| 0 eng d
082 ## - DEWEY DECIMAL CLASSIFICATION NUMBER
Classification number P7 S61
100 ## - MAIN ENTRY--PERSONAL NAME
Personal name Singh, Jaideep
245 ## - TITLE STATEMENT
Title Making India a knowledge superpower: role of change agents of higher technical education
Statement of responsibility, etc. by Jaideep Singh
260 ## - PUBLICATION, DISTRIBUTION, ETC.
Place of publication, distribution, etc. New Delhi
Name of publisher, distributor, etc. Indian Institute of Public Administration
Date of publication, distribution, etc. 2004
300 ## - PHYSICAL DESCRIPTION
Extent v.p.
650 ## - SUBJECT ADDED ENTRY--TOPICAL TERM
Topical term or geographic name entry element Education
Holdings
Withdrawn status Lost status Damaged status Not for loan Permanent Location Current Location Date acquired Full call number Barcode Date last seen Price effective from Koha item type
        Indian Institute of Public Administration Indian Institute of Public Administration 2018-08-04 P7 S61 GR17443 2018-08-04 2018-08-04 GR

Powered by Koha